<?xml version="1.0" encoding="UTF-8"?>
<record
    xmlns:xsi="http://www.w3.org/2001/XMLSchema-instance"
    xsi:schemaLocation="http://www.loc.gov/MARC21/slim http://www.loc.gov/standards/marcxml/schema/MARC21slim.xsd"
    xmlns="http://www.loc.gov/MARC21/slim">

  <leader>03009nam a2200277 i 4500</leader>
  <controlfield tag="001">10482</controlfield>
  <controlfield tag="003">ES-MaACL</controlfield>
  <controlfield tag="005">20230906145910.0</controlfield>
  <controlfield tag="007">t|</controlfield>
  <controlfield tag="008">950705m19952009sp           ||||1| spa d</controlfield>
  <datafield tag="020" ind1=" " ind2=" ">
    <subfield code="a">84-920774-2-5</subfield>
  </datafield>
  <datafield tag="080" ind1=" " ind2=" ">
    <subfield code="a">929(031)</subfield>
  </datafield>
  <datafield tag="100" ind1="1" ind2=" ">
    <subfield code="a">Mogrobejo, Endika de.</subfield>
    <subfield code="9">81788</subfield>
  </datafield>
  <datafield tag="245" ind1="1" ind2="0">
    <subfield code="a">Diccionario hispanoamericano de her&#xE1;ldica, onom&#xE1;stica y genealog&#xED;a /</subfield>
    <subfield code="c">Endika Mogrobejo ; con la colaboraci&#xF3;n de Aitziber, Iranzu y Garikoitz de Mogrobejo-Zabala.</subfield>
  </datafield>
  <datafield tag="260" ind1=" " ind2=" ">
    <subfield code="a">Bilbao : </subfield>
    <subfield code="b">Editorial Mogrobejo-Zabala, </subfield>
    <subfield code="c">[1995-&lt;2013&gt;]</subfield>
  </datafield>
  <datafield tag="300" ind1=" " ind2=" ">
    <subfield code="a">v. : </subfield>
    <subfield code="b">il. ; </subfield>
    <subfield code="c">28 cm.</subfield>
  </datafield>
  <datafield tag="500" ind1=" " ind2=" ">
    <subfield code="a">Adici&#xF3;n al "Diccionario her&#xE1;ldico y geneal&#xF3;gico de apellidos espa&#xF1;oles y americanos", por Alberto y Arturo Garc&#xED;a Carraffa.</subfield>
  </datafield>
  <datafield tag="500" ind1=" " ind2=" ">
    <subfield code="a">Los vols. 1 a 15 contienen desde el apellido Urriza hasta la letra Z. A partir del vol. XVI(I) comienza la letra A.</subfield>
  </datafield>
  <datafield tag="505" ind1="8" ind2=" ">
    <subfield code="a">Contiene: I : Urriza-Urtusaustegui-- II : Uruburu-Valcarcel-- III : Valcarcua-Valenzuela-- IV : Vale&#xF1;ani-Vallejo-- V : Vallejoller-Vargas-- VI : Varillas-Vel&#xE1;zquez-- VII : Veldani-Vergara-- VIII : Vergas-Vilacorba-- IX Vilach-Villaloin-- X : Villalomez-Villavente-- XI : Villavedeo-Vitorica-- XII : V&#xED;u-Yezarbe-- XIII : Yoan-Zamora-- XIV : Zamorano-Zorroza-- XV : Zorrozaga-Zuzuarregui -- XVI(I) : Aanda-Aguirrazu -- XVII(II) : Aguirre-Alem&#xE1;n -- XVIII(III) : Alemparte-Amboage -- XIX(IV) : Ambram-Aragon -- XX(V) : Aragoncillo-Ariarte -- XXI(VI) : Arias-Arroitia -- XXII (VII) : Arrojo-Atuelles -- XXIII (VIII) : Atxer-Azn&#xE1;riz -- XXIV (IX) : Azo-Barahona -- XXV (X) :   Baraibar-Bascu&#xF1;ana -- XXVI (XI) : Base-Benita -- XXVII (XII) : Benitez-Bey -- XXVIII (XIII) :   Beyan-Bonillo -- XXIX (XIV) : Bonin-Buforn -- XXX (XV) : Bugallal-Cachot -- XXXI (XVI) : Cachurro-Campmany -- XXXII(XVII): Campo-Carbajo -- XXXIII (XVIII): Carbajosa-Carrilero -- XXXIV (XIX): Carrillo-Casta&#xF1;os -- XXXV(XX): Castao-Cazurro -- XXXVI(XXI): Cea-Cezon -- XXXVII(XXII): Cia-Colom -- XXXVIII(XXIII): Coloma-Corraiz -- XXXIX (XXIV): Corral-Cuader -- XL(XXV): Cuadra-Chirinos -- XLI(XXVI): Chirivella-Diaz -- XLII(XXVII): D&#xED;az de Arcaute-Dugiols -- XLIII (XXVIII): Duhart-Elizondo --XLIV(XXIX): Elmas-Escorial - XLV(XXX): Escoriaza-Ezabal - XLVI(XXXI): Ezama-Fern&#xE1;ndez -- XLVII(XXXII): Fern&#xE1;ndez-Florez -- XLVIII(XXXIII): Flori-Fusti&#xF1;ana -- IL(XXXIV): Gabacho-Garavito -- L(XXXV): Garay-Garc&#xED;a del Busto -- LI(XXXVI): Garc&#xED;a Caballero-Garvey -- LII(XXXVII): Garvia-Godinez -- LIII (XXXVIII): Godino-Gonz&#xE1;lez -- LIV (XXXIX): Gonz&#xE1;lez-Gonz&#xE1;lez del Valle -- LV (XL): Gonz&#xE1;lez Vallejo-Guerbillano -- LVI (XLI): Guereca-Gutris -- LVII (XLII): Guzm&#xE1;n-Herv&#xE1;s -- LVIII (XLIII): Hervias-Iborra -- LVIX (XLIV): Ibort-Itu&#xF1;o -- LX (XLV): Iturain-Jubero</subfield>
  </datafield>
  <datafield tag="650" ind1="1" ind2="4">
    <subfield code="a">Her&#xE1;ldica-</subfield>
    <subfield code="v">Diccionarios.</subfield>
    <subfield code="9">13316</subfield>
  </datafield>
  <datafield tag="650" ind1="1" ind2="4">
    <subfield code="a">Genealog&#xED;a-</subfield>
    <subfield code="v">Diccionarios.</subfield>
    <subfield code="9">13047</subfield>
  </datafield>
  <datafield tag="700" ind1="1" ind2=" ">
    <subfield code="a">Mogrobejo-Zabala, Aitziber.</subfield>
    <subfield code="9">81789</subfield>
  </datafield>
  <datafield tag="700" ind1="1" ind2=" ">
    <subfield code="a">Mogrobejo-Zabala, Irantzu.</subfield>
    <subfield code="9">81791</subfield>
  </datafield>
  <datafield tag="700" ind1="1" ind2=" ">
    <subfield code="a">Mogrobejo-Zabala, Garikoitz.</subfield>
    <subfield code="9">81790</subfield>
  </datafield>
  <datafield tag="852" ind1=" " ind2=" ">
    <subfield code="a">ES-MaACL</subfield>
    <subfield code="j">J-58 bis </subfield>
    <subfield code="b">R.124002</subfield>
  </datafield>
  <datafield tag="999" ind1=" " ind2=" ">
    <subfield code="c">10482</subfield>
    <subfield code="d">10482</subfield>
  </datafield>
  <datafield tag="952" ind1=" " ind2=" ">
    <subfield code="0">0</subfield>
    <subfield code="1">0</subfield>
    <subfield code="4">0</subfield>
    <subfield code="7">0</subfield>
    <subfield code="8">Colecci&#xF3;n_de_referencia </subfield>
    <subfield code="a">ATENEOM</subfield>
    <subfield code="b">ATENEOM</subfield>
    <subfield code="c">DEPO2</subfield>
    <subfield code="d">2008-01-17</subfield>
    <subfield code="e">SC</subfield>
    <subfield code="l">0</subfield>
    <subfield code="o">J-58 bis</subfield>
    <subfield code="p">1010692</subfield>
    <subfield code="r">2023-02-23 00:00:00</subfield>
    <subfield code="w">2023-02-23</subfield>
    <subfield code="y">MONOGRAFIA</subfield>
  </datafield>
</record>
